Vilanos líricos

Guardat en:
Dades bibliogràfiques
Autor principal: Valle Riente, Amado del, pseud (Autor)
Format: Llibre
Idioma:espanyol
Publicat: Santiago Nascimento 1940
Edició:1a. ed
Matèries:
Etiquetes: Afegir etiqueta
Sense etiquetes, Sigues el primer a etiquetar aquest registre!

MARC

LEADER 00000nam a2200000 a 4500
001 UCJ4038
003 CL-VaPUC
008 070124e19400000CL |||||||||||||||||spa|d
082 0 4 |a Ch861  |b VAL  |2 21 
100 0 |a Valle Riente, Amado del, pseud.  |e author  |9 506878 
245 1 0 |a Vilanos líricos 
250 |a 1a. ed 
300 |a 222 p 
942 |c BK 
945 |d 20070124 00:00:00  |a rinostro 
260 |a Santiago  |b Nascimento  |c 1940 
500 |a Notas críticas de poetisas americanas 
600 0 7 |a BELTRAN NUÑEZ, ROSARIO  |2 CL-VaPUC  |9 506879 
600 0 7 |a TABORGA DE REQUENA, LOLA  |2 CL-VaPUC  |9 506880 
600 0 7 |a LOYNAZ, DULCE MARIA  |2 CL-VaPUC  |9 505291 
600 0 7 |a OBALDIA, MARIA OLIMPIA  |2 CL-VaPUC  |9 506881 
600 0 7 |a PORTAL, MAGDA  |2 CL-VaPUC  |9 506882 
600 0 |a Ibarbourou, Juana de   |d 1892-1979  |9 420097 
600 0 7 |a CAMARAN, MARIA CLEMENCIA  |2 CL-VaPUC  |9 506883 
650 0 |a Poesía chilena   |9 268403 
650 0 |a Crítica literaria   |9 269189 
583 |a last modification  |c 20070124 00:00:00  |k Rodrigo Vera 
999 |c 320156  |d 320154 
952 |0 0  |1 0  |4 0  |6 CH_861_000000000000000_VAL_1940  |7 0  |8 X  |9 398629  |a FDOBUD  |b FDOBUD  |d 2019-11-22  |i 1012592  |o Ch861 VAL 1940  |p 1012592  |r 2019-11-22  |w 2019-11-22  |y BK_X  |k BUD